Revisora̕ fiscal Órgano social

Bibliographic Details
Main Author: Bermd︢ez Gm̤ez, Hernando
Format: eBook
Language:Spanish
Published: Bogot:̀ Ediciones de la U, 2016
Subjects:
Online Access:Acceso restringido

MARC

LEADER 00000nam a22000007a 4500
005 20161210003051.0
007 cr|||| ||||
008 161210s2016 co |||||s|||| 00||0 spa d
020 |a 978-958-762-614-8 
035 |a 14624 
040 |a vLex 
090 |c 6475  |d 6475 
100 1 |a Bermd︢ez Gm̤ez, Hernando 
245 1 0 |a Revisora̕ fiscal Órgano social  |h [Recurso electrn̤ico] /  |c Hernando Bermd︢ez Gm̤ez 
256 |a Servicio en ln̕ea 
260 |a Bogot:̀  |b Ediciones de la U,  |c 2016 
300 |a 1 recurso electrn̤ico 
506 1 |a Disponible solo en los productos indicados  |d vLex Global  |d vLex Global (Academic Edition, excluding Law Schools)  |d vLex Global (U.S. Academic Edition, Law Schools)  |d vLex Global (U.S. Academic Edition, excluding Law Schools)  |d vLex Global (Academic Edition, Law Schools) 
650 0 4 |a Derecho Fiscal  |z Colombia 
740 0 |a vLex Libros (Servicio en ln̕ea) 
856 4 0 |u http://vlex.com/source/revisoria-fiscal-organo-social-14624  |z Acceso restringido 
942 |c BOOK 
999 0 |a Tax Law